000 00683nam a2200205Ia 4500
003 GCL
008 140319s9999 xx 000 0 ara d
040 _aGCL /
_cGCL
082 0 4 _a227
_bا ز
100 1 _aمحمد بن عبدالرحمن عبدالله
245 1 0 _aزاد المسير فى علم التفسير /
_cمحمد بن عبدالرحمن عبدالله
700 1 _aابوهاجر محمد السعيد بن بسيونى
260 _a[S.N] :
_bدار الفلسفة ،
_c1987
300 _aمتعدد الترقيم
490 _a
650 0 4 _aالاسلام
650 0 4 _aتفسير القران الكريم
650 0 4 _aالقران
942 _2ddc
_cBK
999 _c53943
_d53943